000 00246 a2200085 4500
020 _a978-0945921172
100 _aIndu Banga
245 _aThe City in Indian History: Urban Demography, Society, and Politics
260 _bManohar Publications, 1991
_c1991
999 _c13203
_d13203